| 000 | 00529nam a22001817a 4500 | ||
|---|---|---|---|
| 008 | 240226b |||||||| |||| 00| 0 eng d | ||
| 020 | _a0-7190-4613-0 | ||
| 050 |
_aKJ1105.R63 1993 _bC.1 |
||
| 100 | _aROBERTSON A.H | ||
| 245 |
_aHUMAN RIGHTS I EUROPE _bA STUDY OF THE EUROPEAN CONVENTION ON HUMAN RIGHTS |
||
| 250 | _aTHIRD EDITION | ||
| 260 |
_aMANCHESTER _bMANCHESTER UNIERSITY PRESS _c1993 |
||
| 300 | _aXIII,422P | ||
| 500 | _aINCLUDES INDEX | ||
| 650 | _aHUMAN RIGTHS | ||
| 700 | _aMERRILLS J.G | ||
| 942 |
_2lcc _cBK |
||
| 999 |
_c209301 _d209301 |
||